PHARMACOGNOSY (Record no. 1220609)

MARC details
000 -LEADER
fixed length control field 00396nam a2200157Ia 4500
008 - FIXED-LENGTH DATA ELEMENTS--GENERAL INFORMATION
fixed length control field 260417s2023 xx 000 0 und d
041 ## - LANGUAGE CODE
Language code of text/sound track or separate title eng
082 ## - DEWEY DECIMAL CLASSIFICATION NUMBER
Classification number 615.321/DEV
Item number DI-1298
100 ## - MAIN ENTRY--PERSONAL NAME
Personal name DR.M.K.MOHAN RAJA
245 ## - TITLE STATEMENT
Title PHARMACOGNOSY
250 ## - EDITION STATEMENT
Edition statement 3RD ed
260 ## - PUBLICATION, DISTRIBUTION, ETC.
Place of publication, distribution, etc. PUNE
Name of publisher, distributor, etc. 2023
-- TECH KNOWLEDGE PUB.
300 ## - PHYSICAL DESCRIPTION
Extent P.B.12-6/3/3p
650 ## - SUBJECT ADDED ENTRY--TOPICAL TERM
Topical term or geographic name entry element PHARMACOGNOSY
700 ## - ADDED ENTRY--PERSONAL NAME
Personal name DR.TANVI DODIYA
Holdings
Withdrawn status Lost status Damaged status Not for loan Home library Current library Date acquired Cost, normal purchase price Total Checkouts Full call number Barcode Date due Date last seen Date last checked out Price effective from Koha item type
        College of Pharmacy, Kolhapur College of Pharmacy, Kolhapur 31/03/2025 355.00 2 DI-1298/615.321/DEV PCK-DI-1298 07/05/2026 07/05/2026 07/05/2026 17/04/2026 Book